000 00685nam a22002531 4500
001 35857
003 BD-RjUL
005 20211209052406.0
008 140610r19651956enk 001 0 eng
035 _a(BD-RjUL)35953
035 _a(OCoLC)2573173
040 _aDLC
_cScU
_dBD-RjUL
_beng
041 _aeng
082 _a320
_bFIP 1965
100 1 _aField, G. C.
_q(Guy Cromwell),
_d1887-1955.
_958518
245 1 0 _aPolitical theory /
_cG C Field
260 _aLondon :
_bMethuen,
_c1956 [reprint 1965].
300 _axvii, 297 p. ;
_c21 cm.
504 _aIncludes index.
650 0 _aPolitical science
_9109204
942 _2ddc
_cBK
999 _c35857
_d35857